000 00464nam a22001697a 4500
005 20251108170030.0
008 250721s1993 xx 000 0 ara d
082 1 4 _aط/ق/لين
100 1 _aليندجرين، استريد
_eترجمة
245 1 0 _aدراجة ليلي /
264 1 _aاستوكهولم :
_bدار المني،
_c1993.
300 _a31ص
650 1 7 _aادب مترجم
650 1 7 _aالروايات
942 _2ddc
_cBK
999 _c37917
_d37917